MARC

LEADER 00000nam0a2200000 4500
001 296799
005 20231102000937.0
035 |a (RuTPU)RU\TPU\book\321907 
090 |a 296799 
100 |a 20150603d1984 m y0rusy50 ca 
101 0 |a rus 
102 |a UA 
105 |a a z 001zy 
200 1 |a Геологическое строение и закономерности размещения месторождений янтаря СССР  |e [монография]  |f Б. И. Сребродольский  |g Академия наук Украинской ССР (АН УССР), Институт геологии и геохимии горючих ископаемых 
210 |a Киев  |c Наукова думка  |d 1984 
215 |a 168 с.  |c ил. 
320 |a Библиогр.: с. 158-165 
606 1 |a Янтарь  |x Месторождения  |2 stltpush  |3 (RuTPU)RU\TPU\subj\21826  |9 46758 
610 1 |a геологическое строение 
610 1 |a минералогическая характеристика 
610 1 |a размещение 
610 1 |a происхождение 
610 1 |a монографии 
675 |a 553.99  |v 4 
700 1 |a Сребродольский  |b Б. И. 
712 0 2 |a Академия наук Украинской ССР (АН УССР)  |b Институт геологии и геохимии горючих ископаемых  |2 stltpush  |3 (RuTPU)RU\TPU\col\11474 
801 1 |a RU  |b 63413507  |c 20150603 
801 2 |a RU  |b 63413507  |c 20181024  |g RCR 
942 |c BK